| 000 | 00977cas a2200265 i 4500 | ||
|---|---|---|---|
| 001 | 000037521 | ||
| 005 | 20260212101658.0 | ||
| 008 | 120423c20039999dr ur1p dd 0 0spa d | ||
| 022 | _a1812-1780 | ||
| 040 |
_aDO-SdBNP _bspa _cBNPHU _erda |
||
| 041 | _hspa | ||
| 043 | _anwdr | ||
| 245 | 0 | 0 | _aCiencia y humanismo. |
| 264 |
_aSan Francisco de Macorís, República Dominicana : _bUniversidad Católica Nordestana (UCNE), _c2003. |
||
| 300 |
_avolumen : _bilustraciones, fotografías, gráficas, mapas ; _c29 cm. |
||
| 310 | _aDesconocido. | ||
| 336 |
_atexto _btxt _2rdacontent |
||
| 337 |
_asin mediación _bn _2rdamedia |
||
| 338 |
_avolumen _bnc _2rdacarrier |
||
| 362 | 1 | _aAño 1. no. 1: (octubre 2003). | |
| 500 | _aCatalogación basada en: Año 1. no. 1: (octubre 2003). | ||
| 650 | 0 |
_aCiencias sociales _vPublicaciones periódicas _zRepública Dominicana _963977 |
|
| 650 | 0 |
_aHumanismo _vPublicaciones periódicas _zRepública Dominicana _933685 |
|
| 942 |
_2ddc _cISSUE |
||
| 999 |
_c37011 _d37011 |
||